00583nam a22002177a 4500003000500000005001700005008004100022010001100063011001100074020001500085035001100100040000900111082001700120100002000137245008300157260004700240300001100287650002500298650001600323650002600339CHAP20220329143716.0110322s1994 us r 00010 eng d a100699 a101671 a1560248955 a112359 cCHAP04a615.321bT9700aTyler, Varro E.10aHerbs of choice :bthe therapeutic use of phytomedicinalsc/por Varro E. Tyler aNew York :bPharmaceutical products,c1994 a209 p.14aBotánica médica.14aFarmacopea.14aMedicina tradicional.